Transgenders in India: an Introduction (Record no. 1225126)

MARC details
000 -LEADER
fixed length control field 01325nam a2200253Ia 4500
003 - CONTROL NUMBER IDENTIFIER
control field OSt
005 - DATE AND TIME OF LATEST TRANSACTION
control field 20260105102908.0
008 - FIXED-LENGTH DATA ELEMENTS--GENERAL INFORMATION
fixed length control field 241129s9999||||xx |||||||||||||| ||und||
020 ## - INTERNATIONAL STANDARD BOOK NUMBER
International Standard Book Number 9781032646282
040 ## - CATALOGING SOURCE
Original cataloging agency RTL
Language of cataloging eng
Transcribing agency RTL
041 ## - LANGUAGE CODE
Language code of text/sound track or separate title eng
Source of code eng
084 ## - COLON CLASSIFICATION NUMBER
Classification number Y:3(S5).2, R4
Assigning agency RTL
100 ## - MAIN ENTRY--PERSONAL NAME
Personal name Mishra Veerendra
9 (RLIN) 861655
245 #0 - TITLE STATEMENT
Title Transgenders in India: an Introduction
260 ## - PUBLICATION, DISTRIBUTION, ETC.
Place of publication, distribution, etc. New York
Name of publisher, distributor, etc. Routledge
Date of publication, distribution, etc. 2024
300 ## - PHYSICAL DESCRIPTION
Extent xiv,134 p. : ill.
Other physical details Includes bibliographical references and index.
365 ## - TRADE PRICE
Price type code INR
Price amount Rs.1295.00
520 ## - SUMMARY, ETC.
Summary, etc. This introductory volume studies the challenges faced by the transgender community in India. It traces the history of the representation of the community in Hindu texts to understand the evolution of their status within Indian society. The book looks at various themes such as the concept of establishing identity through the processes of 'coming out' and 'transitioning' and analyses how race, ethnicity, sexual orientation, class, nation, religion, and ability have cross-influenced to shape the transgender experience and trans culture across and beyond the binary.
650 ## - SUBJECT ADDED ENTRY--TOPICAL TERM
Topical term or geographic name entry element Transgender people-India
9 (RLIN) 751938
650 ## - SUBJECT ADDED ENTRY--TOPICAL TERM
Topical term or geographic name entry element Transphobia-people
9 (RLIN) 751958
650 ## - SUBJECT ADDED ENTRY--TOPICAL TERM
Topical term or geographic name entry element Gender
9 (RLIN) 861656
942 ## - ADDED ENTRY ELEMENTS (KOHA)
Koha item type General Books
Classification part Y:3(S5).2, R4
Source of classification or shelving scheme Colon Classification (CC)
Suppress in OPAC No
Holdings
Withdrawn status Lost status Source of classification or shelving scheme Damaged status Not for loan Home library Current library Date acquired Source of acquisition Inventory number Total Checkouts Full call number Barcode Date last seen Price effective from Koha item type
    Colon Classification (CC)     Ratan Tata Library Ratan Tata Library 2024-11-29 Bright book Service 2297 & 7/2/24   Y:3(S5).2, R4 RT1528062 2024-11-29 2024-11-29 General Books
Copyright @ Delhi University Library System